Prešovský gymnastický pohár

Bibliographic Details
Main Author: Jacoš, Ján, 1963- (Author)
Format: Article
Language:Slovak
ISSN:1336-4030
Subjects:
Online Access:www.vecernik.po.sk

MARC

LEADER 00000nab a2200000 a 4500
001 vtls009162683
003 SK-MaSNL
005 20260303063352.0
008 071127c20070925xo dr n 000 00slo
038 |a SVKPOCL 
040 |a SVKPOCL  |b slo  |c AACR2  |e AACR2 
041 |a slo 
044 |a xo  |c SK 
080 |a 796.412.2.093.1  |2 2001 
100 1 |a Jacoš, Ján,  |d 1963-  |4 aut  |9 11515 
245 1 0 |a Prešovský gymnastický pohár  |c [autor] (jac) 
610 2 7 |a Charm Prešov (klub modernej gymnastiky : Prešov, Slovensko)  |2 svkpocl  |9 1040622 
611 2 7 |a Prešovský gymnastický pohár  |d (2007 :  |c Prešov, Slovensko)  |2 svkpocl  |9 1040717 
650 0 7 |a moderná gymnastika  |2 svkpocl  |9 768 
651 7 |a Prešov (Slovensko)  |2 svkpocl  |9 17347 
773 0 |t Prešovský večerník  |g Roč. XVIII, č. 4291 (25.9.2007)  |x 1336-4030 
773 0 8 |i Príl.:  |t Šport Plus  |g Č.38 (25. septembra 2007), s. 8 
852 |a SVKPO  |b KIS3GCP 
856 4 1 |u www.vecernik.po.sk 
958 |a RG 
999 |c 1742786  |d 1744716